Histoire de la langue allemande / (Record no. 165953)

MARC details
000 -LEADER
campo de control de longitud fija 00710nam a2200193 i 4500
001 - NÚMERO DE CONTROL
campo de control 165953
003 - IDENTIFICADOR DE NÚMERO DE CONTROL
campo de control ES-MaACL
005 - FECHA Y HORA DE LA ÚLTIMA TRANSACCIÓN
campo de control 20250819063108.0
008 - DATOS DE LONGITUD FIJA--INFORMACIÓN GENERAL
campo de control de longitud fija 171226s1927 fr | |||||||| ||fre d
100 1# - ENTRADA PRINCIPAL--NOMBRE DE PERSONA
Nombre de persona Tonnelat, Ernest,
Fechas asociadas al nombre 1877-1948
9 (RLIN) 110577
245 10 - MENCIÓN DEL TÍTULO
Título Histoire de la langue allemande /
Mención de responsabilidad, etc. par Ernest Tonnelat.
260 ## - PUBLICACIÓN, DISTRIBUCIÓN, ETC.
Lugar de publicación, distribución, etc. Paris :
Nombre del editor, distribuidor, etc. Armand Colin,
Fecha de publicación, distribución, etc. 1927.
300 ## - DESCRIPCIÓN FÍSICA
Extensión 204 p., 1 h. de mapa pleg. ;
Dimensiones 17 cm.
490 1# - MENCIÓN DE SERIE
Mención de serie Collection Armand Colin (section de langues et littératures ;
Designación de volumen o secuencia 92
650 #4 - PUNTO DE ACCESO ADICIONAL DE MATERIA--TÉRMINO DE MATERIA
Término de materia o nombre geográfico como elemento de entrada Lengua alemana-
Subdivisión general Historia.
9 (RLIN) 163980
830 0# - PUNTO DE ACCESO ADICIONAL DE SERIE-TÍTULO UNIFORME
Título uniforme Collection Armand Colin (section de langues et littératures ;
Designación de volumen o secuencia 92
9 (RLIN) 222507
852 ## - LOCALIZACIÓN
Ubicación ES-MaACL
Número de control de estantería E-4499
Holdings
Estatus retirado Estado de pérdida Estado de daño No para préstamo Biblioteca de origen Biblioteca actual Ubicación en estantería Fecha de adquisición Fuente de adquisición Total de préstamos Signatura topográfica completa Código de barras Visto por última vez Precio de reemplazo Tipo de ítem Koha
        Biblioteca del Ateneo de Madrid Biblioteca del Ateneo de Madrid Depósito 2 26/12/2017     E-4499 1198223 23/02/2023 23/02/2023 Libro impreso